000 00286nam a2200121Ia 4500
008 151213s9999 xx 000 0 und d
245 _aQuaid - I - Azam Mohammad Ali Jinnah Speches
260 _aKarachi
300 _a4488 p.
650 _aHistory
650 _aReference
999 _c2863
_d2863